[Event "FICGS rapid C 000093 email"]
[Site "FICGS email"]
[Date "2010.10.04"]
[Round "1"]
[White "Lefeuvre, Nathan"]
[Black "Reboredo, Daniel Carlos"]
[Result "0-1"]
[WhiteElo "1700"]
[BlackElo "1612"]
[PlyCount "20"]
[EventDate "2010.??.??"]
[EventType "tourn (rapid)"]
[EventRounds "5"]
[SourceTitle "Corr 2013"]
[Source "ChessBase"]
[SourceDate "2012.11.12"]
[SourceVersion "1"]
[SourceVersionDate "2012.11.12"]
[SourceQuality "1"]

1. d4 Nf6 2. f3 d5 3. Qd3 Nc6 4. e4 dxe4 5. fxe4 Qxd4 6. Ne2 Qxe4 7. Qxe4 Nxe4 8. Nf4 Bf5 9. Bd3 Nb4 10. Bxe4 Bxe4 0-1

[Event "FICGS rapid B 000161 email"]
[Site "FICGS email"]
[Date "2010.10.02"]
[Round "1"]
[White "Lefeuvre, Nathan"]
[Black "Gresham, Jonathan"]
[Result "0-1"]
[WhiteElo "1700"]
[BlackElo "1800"]
[PlyCount "22"]
[EventDate "2010.??.??"]
[EventType "tourn (rapid)"]
[EventRounds "5"]
[SourceTitle "Corr 2013"]
[Source "ChessBase"]
[SourceDate "2012.11.12"]
[SourceVersion "1"]
[SourceVersionDate "2012.11.12"]
[SourceQuality "1"]

1. d4 a6 2. e4 e6 3. Bd3 c6 4. Ne2 Be7 5. 0-0 Nf6 6. f3 0-0 7. Nbc3 c5 8. Be3 d6 9. b3 Qb6 10. d5 e5 11. f4 Nbd7 0-1

[Event "FICGS rapid B 000161 email"]
[Site "FICGS email"]
[Date "2010.10.02"]
[Round "1"]
[White "Ropokis, Dimitrios"]
[Black "Lefeuvre, Nathan"]
[Result "1-0"]
[WhiteElo "1738"]
[BlackElo "1700"]
[PlyCount "35"]
[EventDate "2010.??.??"]
[EventType "tourn (rapid)"]
[EventRounds "5"]
[SourceTitle "Corr 2013"]
[Source "ChessBase"]
[SourceDate "2012.11.12"]
[SourceVersion "1"]
[SourceVersionDate "2012.11.12"]
[SourceQuality "1"]

1. e4 e5 2. f4 f6 3. Nf3 Bd6 4. d4 Nc6 5. fxe5 fxe5 6. dxe5 Nxe5 7. Nc3 b6 8. Nxe5 Bxe5 9. Qh5+ Kf8 10. Qxe5 Nf6 11. Bc4 d6 12. Qg3 Qe7 13. 0-0 Be6 14. Bxe6 Qxe6 15. Nd5 Kf7 16. Bg5 Rhf8 17. Bxf6 g6 18. Qc3 1-0

[Event "FICGS rapid B 000161 email"]
[Site "FICGS email"]
[Date "2010.10.02"]
[Round "1"]
[White "Sternik, Ryszard"]
[Black "Lefeuvre, Nathan"]
[Result "1-0"]
[WhiteElo "1798"]
[BlackElo "1700"]
[PlyCount "35"]
[EventDate "2010.??.??"]
[EventType "tourn (rapid)"]
[EventRounds "5"]
[SourceTitle "Corr 2013"]
[Source "ChessBase"]
[SourceDate "2012.11.12"]
[SourceVersion "1"]
[SourceVersionDate "2012.11.12"]
[SourceQuality "1"]

1. e4 e5 2. Nf3 f6 3. Bc4 c6 4. Nxe5 fxe5 5. Qh5+ g6 6. Qxe5+ Qe7 7. Qxh8 Qxe4+ 8. Be2 Qxg2 9. Rf1 Ne7 10. d4 Qxh2 11. Bg5 d5 12. Nd2 Nf5 13. 0-0-0 Nxd4 14. Qxd4 Nd7 15. Bg4 Ne5 16. Rh1 Qg2 17. Qxe5+ Kf7 18. Rxh7+ 1-0